Effective technical communication (Record no. 4911)

000 -LEADER
fixed length control field 00435 a2200157 4500
020 ## - INTERNATIONAL STANDARD BOOK NUMBER
International Standard Book Number 0-07-112756-9
040 ## - CATALOGING SOURCE
Original cataloging agency DLC
082 ## - DEWEY DECIMAL CLASSIFICATION NUMBER
Classification number 808.0666021
100 1# - MAIN ENTRY--PERSONAL NAME
Personal name Eisenberg, Anne
245 00 - TITLE STATEMENT
Title Effective technical communication
Statement of responsibility, etc. Anne Eisenberg
250 ## - EDITION STATEMENT
Edition statement 2nd ed.
260 ## - PUBLICATION, DISTRIBUTION, ETC.
Place of publication, distribution, etc. New York :
Name of publisher, distributor, etc. McGraw-Hill,
Date of publication, distribution, etc. 1993
300 ## - PHYSICAL DESCRIPTION
Extent xvi, 400 p. :
Other physical details ill. ;
Dimensions 23cm
490 0# - SERIES STATEMENT
Series statement McGraw-Hill international editions
942 ## - ADDED ENTRY ELEMENTS (KOHA)
Koha item type Book
Call number prefix 808.0666021 EIS
Source of classification or shelving scheme
Holdings
Withdrawn status Lost status Damaged status Not for loan Collection code Permanent Location Current Location Shelving location Date acquired Source of acquisition Cost, normal purchase price Total Checkouts Full call number Barcode Date last seen Date last checked out Price effective from Koha item type
          Central Library (CL) Central Library (CL) General Stacks 01/23/2002 Pak Book Corporation 942.25 1 808.0666021 EIS SEECS001736 04/10/2016 02/17/2016 01/05/2017 Book
          Central Library (CL) Central Library (CL) General Stacks 10/05/2006 Pak Book Corporation 806.96 1 808.0666021 EIS SEECS007585 12/18/2021 12/12/2021 01/05/2017 Book
© 2023 Central Library, National University of Sciences and Technology. All Rights Reserved.